Tilastot visalle Saksan keisarikunnan valtiot

Klikkaa tästä pelataksesi tätä visaa!

Yleistilastot

  • Tätä visaa on pelattu 498 kertaa
  • Keskiarvotulos 14 / 30

Vastaustilastot

% OmistettuValtio% Oikein
50 ?Puola
93%
100Saksa
91%
2Ranska
89%
9Tanska
84%
6Belgia
82%
< 1Tšekki
81%
0,09Venäjä
71%
6Liettua
64%
13Kongon tasavalta
49%
100Namibia
48%
100Kamerun
45%
4Nigeria
44%
99,7Tansania
42%
< 1Yhdysvallat
41%
100Togo
40%
8 ?Ghana
39%
14Gabon
36%
100Ruanda
35%
100Burundi
34%
20 ?Keski-Afrikan tasavalta
33%
10Tšad
33%
< 1Kiina
32%
< 1Guinea
30%
53Papua-Uusi-Guinea
30%
100Nauru
26%
100Palau
26%
100Samoa
26%
100Mikronesia
25%
100Marshallinsaaret
24%
15 ?Salomonsaaret
22%

Tulosjakauma

Persentiili vastausten määrän mukaan

Jokaisen tuloksen saaneiden osuus

Tuloshistoriasi

Et ole pelannut tätä visaa